Statystyki dla Planety Układu Słonecznego

Kliknij tutaj aby rozwiązać quiz!

Ogólne statystyki

  • Ten quiz został rozwiązany 188 razy
  • Średni wynik to 8 z 8

Statystyki odpowiedzi

Odpowiedź% Poprawnych
Mars
100%
Jowisz
99%
Ziemia
99%
Neptun
98%
Saturn
98%
Wenus
93%
Uran
89%
Merkury
86%

Rozkład punktacji

Percentyl według liczby udzielonych odpowiedzi

Procent ludzi z każdym wynikiem

Twoja historia wyników

Nie rozwiązałeś tego quizu